Dominik Dragos Pohludka : pearls of annihilation /

Hlavní autor: Pohludka, Dominik Dragos, 1999-
Korporativní autor: Galerie Student (Ostrava, Česko)
Další autoři: Femzor, Quel, Katya, 1986-, Pohludka, Jakub, 2002-, Utrov, Artem, 1997-, Goode, Joshua, 1981-, Abolentseva, Alissa, Koudela, Tomáš, 1967-, Kowolowski, František, 1967-
Jazyk: Angličtina
Vydáno: Ostrava : Ostravská univerzita, 2024
Témata:
Fyzický popis: 79 nečíslovaných stran : ilustrace (převážně barevné), faksimile ; 23 cm
Knihy
Uloženo v:
LEADER 02511nam a2200589 i 4500
001 nkc20253683157
003 CZ PrNK
005 20250529155142.0
007 ta
008 250428s2024 xr ah e c 000 0 eng
020 |a 978-80-7599-475-2  |q (brožováno) 
040 |a BOA001  |b cze  |d OLA001  |d ABA001  |e rda 
043 |a e-xr--- 
045 |a y-y- 
072 7 |a 72/76  |x Výtvarné umění  |2 Konspekt  |9 21 
080 |a 72/76(437.3)  |2 MRF 
080 |a 7.036/.038  |2 MRF 
080 |a (437.3)  |2 MRF 
080 |a (083.824)  |2 MRF 
100 1 |a Pohludka, Dominik Dragos,  |d 1999-  |7 mzk20241222991  |4 art  |4 aut 
245 1 0 |a Dominik Dragos Pohludka :  |b pearls of annihilation /  |c texty: Femzor, Katya Quel, Jakub Pohludka, Artem Utrov, Joshua Goode, Alissa Abolentseva, Tomáš Koudela, František Kowolowski, Dominik Dragos Pohludka 
246 3 |a Pearls of annihilation - Dominik Dragos Pohludka 
264 1 |a Ostrava :  |b Ostravská univerzita,  |c 2024 
300 |a 79 nečíslovaných stran :  |b ilustrace (převážně barevné), faksimile ;  |c 23 cm 
336 |a text  |b txt  |2 rdacontent 
336 |a statický obraz  |b sti  |2 rdacontent 
337 |a bez média  |b n  |2 rdamedia 
338 |a svazek  |b nc  |2 rdacarrier 
500 |a Katalog ke stejnojmenné výstavě konané ve dnech 3.10.-3.11.2024 v Galerii Student 
500 |a Životopisná data a přehled výstav 
600 1 7 |a Pohludka, Dominik Dragos,  |d 1999-  |7 mzk20241222991  |2 czenas 
648 7 |a 21. století  |7 ch460559  |2 czenas 
650 0 7 |a české výtvarné umění  |7 ph116865  |y 21. století  |2 czenas 
650 0 7 |a moderní umění  |7 ph115340  |z Česko  |2 czenas 
650 0 9 |a Czech art  |y 21st century  |2 eczenas 
650 0 9 |a modern art  |z Czechia  |2 eczenas 
655 7 |a katalogy výstav  |7 fd132536  |2 czenas 
655 9 |a exhibition catalogs  |2 eczenas 
700 0 |a Femzor  |7 mzk20251262310  |4 aut 
700 1 |a Quel, Katya,  |d 1986-  |7 mzk20251262311  |4 aut 
700 1 |a Pohludka, Jakub,  |d 2002-  |7 mzk20241222988  |4 aut 
700 1 |a Utrov, Artem,  |d 1997-  |7 mzk20251262453  |4 aut 
700 1 |a Goode, Joshua,  |d 1981-  |7 mzk20251262459  |4 aut 
700 1 |a Abolentseva, Alissa  |4 aut 
700 1 |a Koudela, Tomáš,  |d 1967-  |7 jn19990010026  |4 aut 
700 1 |a Kowolowski, František,  |d 1967-  |7 ola200208626  |4 aut 
710 2 |a Galerie Student (Ostrava, Česko)  |7 mzk2004237554  |4 orm 
910 2 |a BOA001  |b 2-1543.657 
990 |a BK 
995 |a 11 
991 |b 202505  |c NOV 
996 6 |b 2611003365  |c 2-1543.657  |l MZK  |r Sklad / do 1 hodiny  |n 0  |p p.v.  |w 002004685  |u 000010  |a 1  |e BOA001  |j MZK50  |s P